00407nam a2200145Ia 4500008004100000020001500041041001200056082001600068100001300084245009400097260002500191300000800216650002100224700001600245221030s9999 xx 000 0 und d a007047432X aEnglish a105.23bBro aS. Brown 0aFundamentals of Digital Logic With VHDL Design ( DEPARTMENTAL )cby S. Brown, Z. Vranesic bTMHaNew Delhic2002 a840 aCSE Departmental aZ. Vranesic